Guía Peñín de los vinos de España 2001 / (Registro nro. 11093)

Detalles MARC
000 -LIDER
fixed length control field 01312nam a22002777a 4500
001 - NÚMERO DE CONTROL
Identificador de número de control 000401
003 - IDENTIFICACDOR DE NÚMERO DE CONTROL
control field DO-SdBNP
005 - DATE AND TIME OF LATEST TRANSACTION
control field 20220627115956.0
007 - CAMPOS FIJOS DE DESCRIPCIÓN FÍSICA
fixed length control field 000401
008 - ELEMENTOS DE LONGITUD FIJA
fixed length control field 160805b2000 sp a 00| 0 spa d
020 ## - ISBN
International Standard Book Number 8495203065
040 ## - FUENTE DE CATALOGACIÓN
Agencia que crea de manera original el registro BPMSU
Idioma de catalogación spa
Agencia que realiza la transcripción BPMSU
082 ## - NÚMERO DE CLASIFICACIÓN DECIMAL DE DEWEY
Classification number R663.2
Item number P35g 2001
Edition number 22
100 1# - ASIENTO PRINCIPAL -- NOMBRE PERSONAL
Nombre personal Peñín, José,
245 10 - MENCIÓN DE TITULO
Título Guía Peñín de los vinos de España 2001 /
Mención de responsabilidad José Peñín.
260 ## - PUBLICACIÓN, DISTRIBUCIÓN, ETC. (PIE DE IMPRENTA)
Lugar de publicación, distribución, etc Madrid :
Nombre del editor, distribuidor, etc. Pi & Erre Comunicación Integral,
Fecha de publicación, distribución, etc [2000].
300 ## - DESCRIPCIÓN FÍSICA
Extensión 905 p. :
Otros detalles físicos il. ;
Dimensiones 22 cm.
500 ## - NOTA GENERAL
Nota general La guía del vino Español más completa con casi 8.000 marcas y más de 3.700 vinos puntuados con absoluta independencia. Manual del catador: todo lo que debe saber para conocer y catar los vinos. Todas las denominaciones de origen españolas. Etiquetas a todo color.
500 ## - NOTA GENERAL
Nota general Incluye datos biográficos del autor en la solapa de la contracubierta.
500 ## - NOTA GENERAL
Nota general La guía del vino Español más completa 8.000 marcas reseñadas y 3.800 vinos puntuados con absoluta independencia. Se califican desde los mejores hasta los no recomendables. Manual del catador. Como hacerse una bodega en casa.
650 #4 - ENCABEZAMIENTO DE MATERIA--TEMÁTICO
Término temático o nombre geográfico como elemento de entrada Vinos
Subdivisión de forma Directorios
Subdivisión temática general Marcas
Subdivisión geográfica España
650 #4 - ENCABEZAMIENTO DE MATERIA--TEMÁTICO
Término temático o nombre geográfico como elemento de entrada Industria del vino
Subdivisión de forma Directorios.
Subdivisión geográfica España
651 ## - ENCABEZAMIENTO DE MATERIA--NOMBRE GEOGRÁFICO
Nombre geográfico
910 ## - VALIDACIÓN
Validación VMateo V.
942 ## - ADDED ENTRY ELEMENTS (KOHA)
Source of classification or shelving scheme Dewey Decimal Classification
Koha item type Libros
Existencias
Withdrawn status Lost status Source of classification or shelving scheme Damaged status Not for loan Collection code Home library Current library Date acquired Source of acquisition Full call number Barcode Date last seen Price effective from Koha item type
    Dewey Decimal Classification     Colección General Biblioteca Pública Metropolitana Salomé Ureña Biblioteca Pública Metropolitana Salomé Ureña 08/05/2016 FUNDI BPMSU CGR R663.2 P35g 2001 BPMSU16080041 08/05/2016 08/05/2016 Libros